000 01159cam a22004094i 4500
003 PE-LiUPU
005 20250731173220.0
008 150625s1926 sp r 000 0 spa d
035 _a(Sirsi) a33567
040 _aPE-LiUPU
_bspa
_cPE-LiUPU
_erda
049 _aPRUA
082 0 4 _a299.514
_bT886a
_223
100 1 _aTucci, G.,
_eautor.
245 1 0 _aApologia del Taoismo /
_cG. Tucci.
264 1 _aMadrid :
_bEdiciones Españolas,
_c1926.
300 _a122 páginas ;
_c18 centímetros
336 _atext
_2rdacontent
337 _aunmediated
_2rdamedia
338 _avolume
_2rdacarrier
500 _aSin tabla de contenido.
526 _aSEG42
526 _aSEG41
526 _aSEG40
526 _aSEG39
526 _aP94
526 _aP87
526 _aP86
526 _aP85
526 _aP77
526 _aP76
526 _aP35
650 1 0 _aTaoismo
_xApología
_92367
942 _2ddc
_cBK
_n0
949 _a299.514 T886a
_wDEWEY
_c1
_i11023
_lCCODEBUL1
_mBUL
_p00.00
_r0
_sY
_tBOOK
_u2015-06-25
_xBIBLIOTECA
_zUNKNOWN
_0COMPRA
_o.STAFF. Colección General
980 _81
_gALBERTO SANCHEZ Responsable de Automatización
999 _c41328
_d41328